000 00324nam a22001337a 4500
020 _a81-7319-209-X
082 _a540
_bAHM/D
100 _aAHMAD ANEES
245 _aDETECTION OF COMMON INORGANIC IONS
260 _aDELHI
_bNAROSA PUBLISHING HOUSE
_c1999
300 _a129
650 _aCHEMISTRY REFERENCE
_zINDIA
942 _cBK
999 _c1472
_d1472